| 000 | 00485nam a22001937a 4500 | ||
|---|---|---|---|
| 003 | MPLRDC | ||
| 005 | 20220104155856.0 | ||
| 008 | 210129b ||||| |||| 00| 0 eng d | ||
| 020 | _a957-8374-88-7 | ||
| 082 | _a216.9 ZKJ | ||
| 100 | _a张开基编著 | ||
| 245 |
_a生死轮回2 _c |
||
| 250 | _a初版 | ||
| 260 |
_a台湾 _b新潮社文化事业有限公司 _c1999 |
||
| 300 | _b平 | ||
| 490 | _a台湾传奇. 02 | ||
| 650 | _a灵魂论; 来生论 | ||
| 942 |
_cBK _o216.9 ZKJ |
||
| 999 |
_c54709 _d54699 |
||